Sports Quiz

Random Sports or Numbers Quiz

Leading international test wicket takers Quiz Stats

 Plays Quiz not verified by Sporcle

Support Sporcle.
Go Orange.
Score 0/15 Timer 03:00
0 Plays Today
Country Wicket taker % Correct
AustraliaS Warne
100%
Sri LankaM Muralitharan
87.5%
AustraliaGD McGrath
87.5%
IndiaA Kumble
79.2%
West IndiesCA Walsh
79.2%
PakistanW Akram
79.2%
New ZealandSir RJ Hadlee
75%
South AfricaSM Pollock
75%
Country Wicket taker % Correct
West IndiesCEL Ambrose
75%
IndiaH Singh
75%
EnglandSir IT Botham
75%
South africaM Ntini
66.7%
IndiaN Kapil Dev
58.3%
PakistanWaqar Younis
50%
West IndiesMD Marshall
45.8%

You're not logged in!

Compare scores with friends on all Sporcle quizzes.
OR
Log In

From the Vault

Eldest Siblings on TV

by Tom007

The eldest siblings always got the largest on-set bedrooms.
Remove Ads.
Support Sporcle.
Get the best of Sporcle when you Go Orange. This ad-free experience offers more features, more stats, and more fun while also helping to support Sporcle. Thank you for becoming a member.

Show Comments

Extras

Top Quizzes Today


Score Distribution

Your Account Isn't Verified!

In order to create a playlist on Sporcle, you need to verify the email address you used during registration. Go to your Sporcle Settings to finish the process.

Report this User

Report this user for behavior that violates our Community Guidelines.

Details: